| 000 | 00779nam a2200241 i 4500 | ||
|---|---|---|---|
| 001 | bg | ||
| 100 | 1 | _aFALANDYSZ, Jerzy | |
| 245 | 1 | 0 |
_aPolichlorowane bifenyle (PCBs) w środowisku : _bchemia, analiza, toksyczność, stężenie i ocena ryzyka / _cJerzy Falandysz. |
| 260 |
_aGdańsk : _bFundacja Rozwoju Uniwersytetu Gdańskiego, _c1999. |
||
| 300 |
_a264 s. : _bwykr. ; _c24 cm. |
||
| 504 | _aBibliogr. s. 229-264. | ||
| 650 | 9 |
_aFenyl _xzwiązki _xhigiena |
|
| 650 | 9 |
_aFenyl _xzwiązki _xbadanie |
|
| 650 | 9 | _aChemikalia a środowisko człowieka | |
| 650 | 9 | _aToksykologia | |
| 020 | _a8386230525 | ||
| 040 | _cBPK | ||
| 041 | 0 | _apl | |
| 080 | _a547:543.5:504.05:614.87:615.9 | ||
| 920 | _a83-86230-52-5 | ||
| 942 | _cKS | ||
| 008 | s pl f |000 0 pol | ||
| 999 |
_c37093 _d37093 |
||
| 856 |
_uhttp://koha.tu.koszalin.pl/cgi-bin/koha/opac-detail.pl?biblionumber=37093 _yKatalog online BPK |
||